[Event "NED-ch U18 op"]
[Site "Helmond"]
[Date "2025.05.02"]
[Round "7"]
[White "Kleibeuker, Mika"]
[Black "Rogozyanskiy, Alexander"]
[Result "0-1"]
[WhiteElo "1968"]
[BlackElo "1897"]
[PlyCount "70"]
[EventDate "2025.04.26"]
[EventType "swiss"]
[EventRounds "7"]
[EventCountry "NED"]
[SourceTitle "CB20_2025"]
[SourceDate "2025.05.14"]
[SourceVersion "1"]
[SourceVersionDate "2025.05.14"]
[SourceQuality "1"]

1. d4 Nf6 2. c4 e6 3. g3 d5 4. Nf3 dxc4 5. Bg2 Bb4+ 6. Bd2 a5 7. Qc2 Bxd2+ 8. Qxd2 c6 9. a4 Ne4 10. Qc1 0-0 11. Na3 Nd7 12. Nxc4 Nb6 13. 0-0 Nxc4 14. Qxc4 Qd5 15. Qd3 Nf6 16. Ne5 Qd6 17. Nc4 Qc7 18. Rfd1 Nd5 19. h4 Bd7 20. b3 Rfd8 21. Rac1 Be8 22. Qf3 f6 23. e4 Nb6 24. Ne3 Qe7 25. Qg4 Bf7 26. h5 h6 27. Rc5 Rxd4 28. Rdc1 Nd7 29. R5c3 Qe8 30. Bf3 Ne5 31. Qf4 Nd3 32. Rxd3 Rxd3 33. e5 fxe5 34. Qxe5 Rxb3 35. g4 Qe7 0-1

[Event "Helmond Rapid op"]
[Site "Helmond"]
[Date "2024.06.15"]
[Round "5"]
[White "Kleibeuker, Mika"]
[Black "Grooten, Herman"]
[Result "0-1"]
[WhiteElo "1940"]
[BlackElo "2217"]
[PlyCount "72"]
[EventDate "2024.06.15"]
[EventType "swiss (rapid)"]
[EventRounds "9"]
[EventCountry "NED"]
[SourceTitle "CBM 220 Extra"]
[Source "ChessBase"]
[SourceDate "2024.07.31"]
[SourceVersion "1"]
[SourceVersionDate "2024.07.31"]
[SourceQuality "1"]

1. e4 c6 2. d4 d5 3. Nc3 dxe4 4. Nxe4 Bf5 5. Ng3 Bg6 6. Nf3 Nd7 7. h4 h6 8. h5 Bh7 9. Bd3 Bxd3 10. Qxd3 e6 11. Bf4 Qa5+ 12. Bd2 Bb4 13. c3 Be7 14. c4 Qc7 15. 0-0-0 Ngf6 16. Ne4 0-0 17. Nxf6+ Nxf6 18. Ne5 c5 19. Bf4 Bd6 20. Rhe1 Rad8 21. dxc5 Qxc5 22. Qc2 Nxh5 23. Bh2 Nf6 24. g4 Bxe5 25. Bxe5 Rxd1+ 26. Kxd1 Nxg4 27. Bxg7 Kxg7 28. Rg1 Rd8+ 29. Kc1 f5 30. Qc3+ Qd4 31. Qb4 Qxf2 32. Qe7+ Kg6 33. Rxg4+ fxg4 34. Qxd8 Qf1+ 35. Kd2 Qf4+ 36. Kc3 Qf6+ 0-1

[Event "Helmond Rapid op"]
[Site "Helmond"]
[Date "2024.06.15"]
[Round "2"]
[White "Van Wely, Loek"]
[Black "Kleibeuker, Mika"]
[Result "1-0"]
[WhiteElo "2607"]
[BlackElo "1940"]
[PlyCount "57"]
[EventDate "2024.06.15"]
[EventType "swiss (rapid)"]
[EventRounds "9"]
[EventCountry "NED"]
[SourceTitle "CBM 220 Extra"]
[Source "ChessBase"]
[SourceDate "2024.07.31"]
[SourceVersion "1"]
[SourceVersionDate "2024.07.31"]
[SourceQuality "1"]

1. Nf3 Nf6 2. c4 c6 3. g3 d5 4. Bg2 e6 5. 0-0 Nbd7 6. d4 Be7 7. Qd3 b6 8. Nc3 0-0 9. e4 Ba6 10. b3 c5 11. exd5 exd5 12. Rd1 Bb7 13. cxd5 Nxd5 14. Nxd5 Bxd5 15. dxc5 Nf6 16. cxb6 Qxb6 17. Bb2 Qb7 18. Ng5 Bxg2 19. Bxf6 g6 20. Bxe7 Qxe7 21. Nxh7 Bh3 22. Nxf8 Rxf8 23. f3 Qc5+ 24. Qd4 Qf5 25. Kf2 a5 26. Rac1 Re8 27. g4 Qb5 28. Kg3 Qe2 29. Rd2 1-0

[Event "Utrecht OKU op 49th"]
[Site "Utrecht"]
[Date "2024.05.10"]
[Round "1"]
[White "Kokje, Joris"]
[Black "Kleibeuker, Mika"]
[Result "1-0"]
[WhiteElo "2291"]
[BlackElo "1940"]
[PlyCount "41"]
[EventDate "2024.05.10"]
[EventType "swiss"]
[EventRounds "6"]
[EventCountry "NED"]
[SourceTitle "CBM 220 Extra"]
[Source "ChessBase"]
[SourceDate "2024.07.31"]
[SourceVersion "1"]
[SourceVersionDate "2024.07.31"]
[SourceQuality "1"]

1. d4 d5 2. c4 c6 3. Nf3 Nf6 4. g3 dxc4 5. Bg2 e6 6. 0-0 b5 7. Ne5 Bb7 8. a4 Qc8 9. b3 cxb3 10. Qxb3 Nbd7 11. axb5 Nxe5 12. dxe5 Nd7 13. Be3 c5 14. Nd2 Bxg2 15. Kxg2 Nxe5 16. Ne4 Ng4 17. Qa4 Nxe3+ 18. fxe3 f5 19. b6+ Kf7 20. Qc4 Kg6 21. b7 1-0